| 000 | 01028nmm a2200325 a 4500 | ||
|---|---|---|---|
| 001 | ocm000640563 | ||
| 003 | TR-IsHL | ||
| 005 | 20201028130011.0 | ||
| 008 | 130927s2008 tu tur | ||
| 007 | cr cn | ||
| 020 | _a9789756257180 | ||
| 035 |
_a640563 _b(N$T) |
||
| 050 | 0 | 4 |
_aRC682 _b.G48 2008 |
| 090 | 0 | 4 |
_aRC682 _b.G48 2008 |
| 100 | 1 | _aGhuran, Azad | |
| 245 | 1 | 0 |
_aAcil kardiyoloji: acil kardiyak sorunar için kanıta dayalı kılavuz _h[electronic resource] / _cAzad Ghuran ; Neal Uren, James Nolan; ed. Ömer Kozan ; çev. İbrahim Keleş |
| 250 | _a1. bs. | ||
| 260 |
_aİstanbul : _bAvrupa Tıp Kitapçılık, _c2008 |
||
| 300 | _a280 p. | ||
| 650 | 4 | _aTıp | |
| 650 | 4 | _aMedicine | |
| 650 | 0 | _aKardiyoloji | |
| 650 | 0 | _aCardiology | |
| 650 | 7 |
_aMEDICAL / Cardiology _2bisacsh |
|
| 700 | 1 | _aUren, Neal | |
| 700 | 1 | _aNolan, James | |
| 700 | 1 | _aKozan, Ömer | |
| 700 | 1 | _aKeleş, İbrahim | |
| 856 | 4 | 0 | _uhttp://search.ebscohost.com/login.aspx?direct=true&scope=site&db=e011xww&AN=640563 |
| 999 |
_c3786 _d3786 |
||